000 00665nam a22001817a 4500
005 20251108165259.0
008 250721s9999 xx 000 0 ara d
082 1 4 _a956.463/ليل
100 1 _aأبو ليل، عبد الرزاق
245 1 0 _aقصة مدينة اللد /
264 1 _aتونس :
_bالمنظمه العربيه للتربيه و الثقافه العلوم - دائرة الثقافه بمنظمة التحرري الفلسطينيه،
_c[19-].
300 _a66ص : مص
490 0 _aالمدن الفلسطينيه ؛13
650 1 7 _aتاريخ فلسطين
650 1 7 _aاللد ( مدينه )
942 _2ddc
_cBK
999 _c23992
_d23992